000 00653pab a2200169 454500
008 180718b2009 xxu||||| |||| 00| 0 eng d
100 _aBhoosreddy, Sanjay
245 _aDeveloping future cities
260 _c2009
300 _ap.36-46.
362 _aDec
520 _aUrbanization is spreading rapidly and the issues and problems related to it are very different from those in administration of rural areas. This article explores the various problems afflicting our rapidly growing urban areas and examines the possible solutions to the same. - Reproduced.
650 _aUrbanization
773 _aAdministrator
908 _aN
909 _a86108
999 _c86108
_d86108